000
00206nam a2200085Ia 4500
245
0
_a
Diere
100
_a
Olivier, Ezette Kent, 2009
_9
79616
942
_c
BK
008
210819s9999 xx 000 0 und d
999
_c
278052
_d
278051